| Tag |
First Indicator |
Second Indicator |
Subfields |
| LEADER |
00000cam a2200000 4500 |
| 001 |
in00000066995 |
| 005 |
20151008051300.0 |
| 008 |
721205s1960 nyu 00000 eng u |
| 010 |
|
|
|a 60007433
|
| 035 |
|
|
|a (OCoLC)00506909
|
| 035 |
|
|
|9 AAG6950AM
|
| 040 |
|
|
|c WSU
|d TXA
|d UtOrBLW
|
| 049 |
|
|
|a TXAM
|c [329417]
|
| 050 |
|
0 |
|a JK2316
|b .R4
|
| 092 |
|
|
|a 329.3
|b R323r
|
| 100 |
1 |
|
|a Reed, Edward.
|
| 245 |
1 |
0 |
|a Readings for Democrats.
|
| 264 |
|
1 |
|a New York :
|b Oceana Publications,
|c [1960]
|
| 300 |
|
|
|a 256 pages
|
| 336 |
|
|
|a text
|b txt
|2 rdacontent
|
| 337 |
|
|
|a unmediated
|b n
|2 rdamedia
|
| 338 |
|
|
|a volume
|b nc
|2 rdacarrier
|
| 490 |
0 |
|
|a Docket series, v.15
|
| 610 |
2 |
0 |
|a Democratic Party (U.S.)
|
| 651 |
|
0 |
|a United States
|x Politics and government.
|
| 999 |
|
|
|a MARS
|
| 999 |
f |
f |
|s 9504f4cf-b6fa-3226-a508-7ad751b09198
|i 44c9527d-984b-338d-b524-432221b8b13c
|t 0
|
| 952 |
f |
f |
|p ric
|a Texas A&M University
|b Rellis Campus
|c Joint Library Facility
|d Remote Storage
|t 0
|e JK2316 .R4
|h Library of Congress classification
|i unmediated -- volume
|m A14800683855
|
| 998 |
f |
f |
|a JK2316 .R4
|t 0
|l Remote Storage
|